<?xml version="1.0" encoding="UTF-8"?>
<record
    xmlns:xsi="http://www.w3.org/2001/XMLSchema-instance"
    xsi:schemaLocation="http://www.loc.gov/MARC21/slim http://www.loc.gov/standards/marcxml/schema/MARC21slim.xsd"
    xmlns="http://www.loc.gov/MARC21/slim">

  <leader>03306nam a22002657a 4500</leader>
  <controlfield tag="003">DO-SdBJH</controlfield>
  <controlfield tag="005">20250612213703.0</controlfield>
  <controlfield tag="008">210923b2019    dr ||||| |||| 00| 0 spa d</controlfield>
  <datafield tag="040" ind1=" " ind2=" ">
    <subfield code="a">DO-SdBJH</subfield>
    <subfield code="b">spa</subfield>
    <subfield code="c">DO-SdBJH</subfield>
  </datafield>
  <datafield tag="041" ind1="0" ind2=" ">
    <subfield code="a">spa</subfield>
  </datafield>
  <datafield tag="090" ind1=" " ind2=" ">
    <subfield code="a">TG AAGBPFAFM</subfield>
    <subfield code="b">01702 2019</subfield>
  </datafield>
  <datafield tag="100" ind1="1" ind2=" ">
    <subfield code="a">Lebr&#xF3;n Amparo, Eric Jefferson</subfield>
    <subfield code="e">sustentante</subfield>
  </datafield>
  <datafield tag="245" ind1="1" ind2="0">
    <subfield code="a">Avance de la tecnolog&#xED;a de punta en los procesos administrativos de gesti&#xF3;n de la Fuerza A&#xE9;rea de la Rep&#xFA;blica Dominicana, per&#xED;odo 2017-2020 / </subfield>
    <subfield code="c">Eric Jefferson Lebr&#xF3;n Amparo, Howley Gonz&#xE1;lez De la Paz ; asesor metodol&#xF3;gico Tebi Rodr&#xED;guez ; asesor de contenido Miledys P&#xE9;rez.</subfield>
  </datafield>
  <datafield tag="260" ind1=" " ind2=" ">
    <subfield code="a">Santo Domingo Este :</subfield>
    <subfield code="b">INSUDE, </subfield>
    <subfield code="c">2019.</subfield>
  </datafield>
  <datafield tag="300" ind1=" " ind2=" ">
    <subfield code="a">iv, 69 p&#xE1;ginas.</subfield>
  </datafield>
  <datafield tag="502" ind1=" " ind2=" ">
    <subfield code="a">Tesis y trabajo de grado (Licenciatura en Ciencias Aeron&#xE1;uticas) --Instituto Superior para la Defensa (INSUDE). -- Academia A&#xE9;rea Gral. De Brigada Piloto Frank Andr&#xE9;s Feliz Miranda, 2019.</subfield>
  </datafield>
  <datafield tag="504" ind1=" " ind2=" ">
    <subfield code="a">Incluye referencias bibliogr&#xE1;ficas e &#xED;ndices.</subfield>
  </datafield>
  <datafield tag="505" ind1=" " ind2=" ">
    <subfield code="a">Innovaciones tecnol&#xF3;gicas implementadas en los procesos administrativos de gesti&#xF3;n en el per&#xED;odo 2017-2020. -- Formaci&#xF3;n que ha recibido el personal administrativo para el uso efectivo de la tecnolog&#xED;a de punta que se ha incluido en la FARD. -- Beneficios de la inclusi&#xF3;n de tecnolog&#xED;a de punta a los procesos administrativos. -- Resultados de la encuesta aplicada a los colaboradores administrativos de la FARD.</subfield>
  </datafield>
  <datafield tag="520" ind1=" " ind2=" ">
    <subfield code="a">El presente documento est&#xE1; basado en una investigaci&#xF3;n sobre el avance de la tecnolog&#xED;a de punta en los procesos administrativos de gesti&#xF3;n de la Fuerza A&#xE9;rea de la Rep&#xFA;blica Dominicana durante el per&#xED;odo 2017-2020, para ello se realiz&#xF3; una investigaci&#xF3;n descriptiva, con un corte transversal, tomando como muestra 25 personas que laboran en la gesti&#xF3;n de la FARD, dentro de los hallazgos principales se puede mencionar que fueron implementados algunos software como tecnolog&#xED;a de punta; sin embargo no todos los colaboradores est&#xE1;n capacitados para el &#xF3;ptimo manejo de los mismos.
La tecnolog&#xED;a de punta hace referencia a toda esa tecnolog&#xED;a que fue desarrollada en forma reciente y que va en avanzada, es decir, que supone un adelanto o algo innovador en algo ya existente. La tecnolog&#xED;a de punta comienza con varias etapas de investigaci&#xF3;n y desarrollo en laboratorios, donde son desarrollados los primeros prototipos, los cuales una vez probados su funcionamiento se encuentran listos para ser ofrecidos y distribuidos en el mercado. Por lo general los precios de estos artefactos al comienzo son muy altos (especial para tecn&#xF3;filos) pero luego comienzan a abaratarse. (Humo, 2018)
Es importante tener en cuenta que la idea de tecnolog&#xED;a de punta refiere a lo m&#xE1;s innovador que existe en un determinado momento. Con el avance del tiempo los productos dejan de ser novedosos y se vuelven obsoletos, siendo reemplazados por otros. Estos nuevos productos son los que llevaran, por un tiempo, la denominaci&#xF3;n de tecnolog&#xED;a de punta.</subfield>
  </datafield>
  <datafield tag="700" ind1="1" ind2=" ">
    <subfield code="a">Gonz&#xE1;lez De la Paz, Howley </subfield>
    <subfield code="e">sustentante</subfield>
  </datafield>
  <datafield tag="700" ind1="1" ind2=" ">
    <subfield code="a">Rodr&#xED;guez, Tebi </subfield>
    <subfield code="e">asesor metodol&#xF3;gico</subfield>
  </datafield>
  <datafield tag="700" ind1="1" ind2=" ">
    <subfield code="a"> P&#xE9;rez, Miledys</subfield>
    <subfield code="e">asesor de contenido</subfield>
  </datafield>
  <datafield tag="830" ind1=" " ind2=" ">
    <subfield code="a">INSUDE.  Academia A&#xE9;rea Gral. De Brig. Pil.  Frank Andr&#xE9;s  Feliz Miranda.  Tesis y disertaciones acad&#xE9;micas.</subfield>
  </datafield>
  <datafield tag="942" ind1=" " ind2=" ">
    <subfield code="2">CL</subfield>
    <subfield code="c">T</subfield>
  </datafield>
  <datafield tag="999" ind1=" " ind2=" ">
    <subfield code="c">6603</subfield>
    <subfield code="d">6603</subfield>
  </datafield>
  <datafield tag="952" ind1=" " ind2=" ">
    <subfield code="0">0</subfield>
    <subfield code="1">0</subfield>
    <subfield code="2">CL</subfield>
    <subfield code="4">0</subfield>
    <subfield code="7">1</subfield>
    <subfield code="8">TG</subfield>
    <subfield code="a">BJHA</subfield>
    <subfield code="b">BJHA</subfield>
    <subfield code="d">2021-09-23</subfield>
    <subfield code="i">01702</subfield>
    <subfield code="l">0</subfield>
    <subfield code="o">TG AAGBPFAFM 01702 2019</subfield>
    <subfield code="p">01702</subfield>
    <subfield code="r">2021-09-23 00:00:00</subfield>
    <subfield code="t">e.1</subfield>
    <subfield code="w">2021-09-23</subfield>
    <subfield code="y">T</subfield>
  </datafield>
</record>
